Quy trình kỹ thuật xác định độ lún công trình dân dụng và công nghiệp bằng phương pháp đo cao hình học (TCVN 9360:2012) = Technical process of settlement monitoring of civil and industrial building by geometrical levelling

Giới thiệu tiêu chuẩn quốc gia (TCVN 9360:2012) về quy trình kỹ thuật xác định độ lún công trình dân dụng và công nghiệp bằng phương pháp đo cao hình học bao gồm: quy định chung, thiết kế phương án đo độ lún công trình, mốc chuẩn và mốc đo lú...

全面介紹

Đã lưu trong:
書目詳細資料
格式: 圖書
語言:Undetermined
出版: Hà Nội Xây dựng 2015
主題:
標簽: 添加標簽
沒有標簽, 成為第一個標記此記錄!
Thư viện lưu trữ: Trung tâm Học liệu Trường Đại học Cần Thơ
LEADER 01385nam a2200229Ia 4500
001 CTU_202670
008 210402s9999 xx 000 0 und d
020 |c 54000 
082 |a 690.0218 
082 |b Qu600 
245 0 |a Quy trình kỹ thuật xác định độ lún công trình dân dụng và công nghiệp bằng phương pháp đo cao hình học (TCVN 9360:2012) = 
245 0 |b Technical process of settlement monitoring of civil and industrial building by geometrical levelling 
245 0 |c Tạ Hải Phong (biên tập) 
260 |a Hà Nội 
260 |b Xây dựng 
260 |c 2015 
520 |a Giới thiệu tiêu chuẩn quốc gia (TCVN 9360:2012) về quy trình kỹ thuật xác định độ lún công trình dân dụng và công nghiệp bằng phương pháp đo cao hình học bao gồm: quy định chung, thiết kế phương án đo độ lún công trình, mốc chuẩn và mốc đo lún, xác lập cấp đo, thiết kế sơ đồ đo, chu kì đo, đo độ lún công trình bằng phương pháp đo cao hình học... 
650 |a Ngành xây dựng,Construction industry 
650 |x Tiêu chuẩn,Standards 
904 |i Nguyên 
910 |a Khoa 
980 |a Trung tâm Học liệu Trường Đại học Cần Thơ